000 00629nam a22002177 4500
001 000011395
005 20200929162435.0
008 901207s1954 it 000 0 ita
010 _altf90019028
040 _aDO-SdBNP
_cDLC
_dDLC
082 _a833.912
_TP728s, 1954
100 1 _aPlivier, Theodor,
_d1892-
_927014
245 0 0 _aStalingrado /
_cTheodor Plievier; traducción del alemán por Manuel Tamayo.
250 _a5. ed.
260 _aBarcelona :
_bDestino,
_c1954.
300 _a432 p.
650 4 _aNocela alemana
_927015
650 4 _aLiteratura alemana
_93274
910 _aCatalogación derivada
049 _aBNGR
999 _c11102
_d11102